| 000 | 00288 a2200097 4500 | ||
|---|---|---|---|
| 082 | _a515.63 HEI | ||
| 100 | _aHeinbockel, J. H. | ||
| 245 |
_aIntroduction to Tensor Calculus and Continuum Mechanics _cJ. H. Heinbockel |
||
| 260 | _c1996 | ||
| 300 |
_a367p. : _bill ., ; _c29 cm |
||
| 650 | _aCalculus and Continuum Mechanics | ||
| 999 |
_c508 _d508 |
||